| 000 | 00373nam a2200169Ia 4500 | ||
|---|---|---|---|
| 100 | _aShiv Kumar | ||
| 650 | _aFluid Mechanics | ||
| 942 | _cBK | ||
| 366 | _f25 | ||
| 654 | _aFluid mechanics | ||
| 245 | _aFluid mechanics :Basic concepts and principles | ||
| 260 |
_bAne Books India _c2010 |
||
| 082 |
_a532 _bSHI |
||
| 300 | _a924 | ||
| 546 | _aENGLISH | ||
| 999 |
_c26345 _d26345 |
||